Hieroghlyphica sive de sacris aegyptiorvm, aliarvm qve gentivm literis commentarii ioannis pierii valeriani bolzanii bellvnensis, a caelio avgsvtino curione doubus libris aucti & multis imaginibus illustrati. (Record no. 8225)
[ view plain ]
| 000 -CABECERA | |
|---|---|
| campo de control de longitud fija | 01236nam a2200337 a 4500 |
| 001 - NÚMERO DE CONTROL | |
| campo de control | BRCA_8562 |
| 003 - IDENTIFICADOR DEL NÚMERO DE CONTROL | |
| campo de control | FranzMayer |
| 005 - FECHA Y HORA DE LA ÚLTIMA TRANSACCIÓN | |
| campo de control | 20231012111706.0 |
| 008 - DATOS DE LONGITUD FIJA--INFORMACIÓN GENERAL | |
| campo de control de longitud fija | 170816s1579----fr-a######---#000-0#lat-# |
| 040 ## - FUENTE DE LA CATALOGACIÓN | |
| Centro/agencia transcriptor | MFM |
| 041 ## - CÓDIGO DE LENGUA | |
| Código de lengua del texto/banda sonora o título independiente | lat |
| 044 ## - CÓDIGO DEL PAÍS DE LA ENTIDAD EDITORA/PRODUCTORA | |
| Código MARC del país | fr |
| 050 #4 - SIGNATURA TOPOGRÁFICA DE LA BIBLIOTECA DEL CONGRESO | |
| Número de clasificación | PJ1091 |
| Número de documento/Ítem | .H54 |
| 245 10 - MENCIÓN DE TÍTULO | |
| Título | Hieroghlyphica sive de sacris aegyptiorvm, aliarvm qve gentivm literis commentarii ioannis pierii valeriani bolzanii bellvnensis, a caelio avgsvtino curione doubus libris aucti & multis imaginibus illustrati. |
| 260 ## - PUBLICACIÓN, DISTRIBUCIÓN, ETC. | |
| Lugar de publicación, distribución, etc. | Lvgdvni |
| Nombre del editor, distribuidor, etc. | Apud bartholomaeum honoraty |
| Fecha de publicación, distribución, etc. | 1579 |
| 300 ## - DESCRIPCIÓN FÍSICA | |
| Extensión | T.I y T. II, 441 p. |
| Otras características físicas | il. |
| Dimensiones | 37 cm |
| 500 ## - NOTA GENERAL | |
| Nota general | Fondo antiguo |
| 500 ## - NOTA GENERAL | |
| Nota general | Se encuentra en Caja Fuerte |
| 500 ## - NOTA GENERAL | |
| Nota general | LM-51 |
| 500 ## - NOTA GENERAL | |
| Nota general | En portada: cvm privilegio regis |
| 500 ## - NOTA GENERAL | |
| Nota general | Contiene epistola |
| 500 ## - NOTA GENERAL | |
| Nota general | Incluye índice |
| 500 ## - NOTA GENERAL | |
| Nota general | Estado físico: daño por polilla en diversas páginas del documento |
| 500 ## - NOTA GENERAL | |
| Nota general | T.II y T.II encuadernados en un mismo libro |
| 500 ## - NOTA GENERAL | |
| Nota general | Nota de encuadernación: en piel pergamino |
| 506 0# - NOTA DE RESTRICCIONES AL ACCESO | |
| Limitaciones de acceso | Fondo reservado: para su consulta es necesario credencial de usuario y carta de motivos |
| 651 #4 - PUNTO DE ACCESO ADICIONAL DE MATERIA--NOMBRE GEOGRÁFICO | |
| Nombre geográfico | lengua egipcia |
| 9 (RLIN) | 21445 |
| 651 #4 - PUNTO DE ACCESO ADICIONAL DE MATERIA--NOMBRE GEOGRÁFICO | |
| Nombre geográfico | jeroglífico |
| 9 (RLIN) | 21446 |
| 902 ## - CATALOGADOR | |
| Iniciales | LAR |
| 942 ## - ELEMENTOS DE PUNTO DE ACCESO ADICIONAL (KOHA) | |
| Fuente del sistema de clasificación o colocación | Library of Congress Classification |
| Tipo de ítem Koha | Libros |
| Estado de retiro | Estado de pérdida | Fuente del sistema de clasificación o colocación | Estado dañado | No para préstamo | Código de colección | Localización permanente | Ubicación/localización actual | Fecha de adquisición | Número de inventario | Total de préstamos | Signatura topográfica completa | Código de barras | Fecha visto por última vez | Precio válido a partir de | Tipo de ítem Koha |
|---|---|---|---|---|---|---|---|---|---|---|---|---|---|---|---|
| El ejemplar forma parte de la colección y puede ser consultado según las políticas vigentes. | Library of Congress Classification | Libros Antiguos y Raros | Biblioteca del Museo Franz Mayer (Rogerio Casas-Alatriste) | Biblioteca del Museo Franz Mayer (Rogerio Casas-Alatriste) | 17/08/2016 | LM-51 | PJ1091 .H54 1579 (LM-51) | LAR00065 | 22/03/2019 | 22/03/2019 | Libros | ||||
| El ejemplar forma parte de la colección y puede ser consultado según las políticas vigentes. | Libros Antiguos y Raros | Biblioteca del Museo Franz Mayer (Rogerio Casas-Alatriste) | Biblioteca del Museo Franz Mayer (Rogerio Casas-Alatriste) | 22/12/2016 | LM-51 | PJ1091 .H54 1579 (LM-51) | LAR00066 | 22/03/2019 | 22/03/2019 | Libros |